000 01546nam a2200349 4500
001 178359
003 ES-MaACL
005 20250910221527.0
008 110525s2009 sp a |||| |dspa d
020 _a978-84-89318-12-0
080 _a271.5(460.15)"17/18"
080 _a271.5:001"17/18"
080 _a82.09"17/18"
100 1 _aAstorgano Abajo, Antonio.
_923688
245 1 3 _aLa literatura de los jesuitas vascos expulsos (1767-1815)
_b: Lección de Ingreso como Amigo de Número leída el día 26 de febrero de 2009 /
_cpor Antonio Astorgano Abajo ; y palabras de recepción de Emilio Palacios Fernández.
260 _aMadrid :
_bDelegación en Corte de la R.S.B.A.P.,
_c2009.
300 _a501 p. :
_bil. ;
_c21 cm.
490 1 _aLecciones de ingreso =
_aSarrera hitzaldiak bilduma
500 _aÍndice onomástico.
504 _aBibliografía: p. 447-463.
610 2 7 _aJesuitas-
_zPaís Vasco
_2
_9146734
610 2 4 _aJesuitas-
_xExpulsión.
_95352
650 0 7 _aLiteratura-
_yS.XVIII-
_xHistoria y crítica.
_914496
650 7 _aLiteratura-
_yS.XIX-
_xHistoria y crítica.
_9142386
700 1 _aPalacios Fernández, Emilio.
_988430
710 2 _aReal Sociedad Bascongada de los Amigos del País.
_bDelegación en Corte
_96371
830 0 _aColección Lecciones de ingreso =
_aSarrera Hitzaldiak Bilduma
_9223281
852 _aES-MaACL
_9185218
_bR.145474
_jA-11247
_cDEPO1
_dOlim: N-4251
942 _2udc
_cMONOGRAFIA
999 _c178359
_d178359